Statistics for Race-to-Nine Word Puzzle #12

Click here to take the quiz!

General Stats

  • This quiz has been taken 1,978 times
  • The average score is 4 of 7

Answer Stats

#Answer% Correct
4Ales, Lase, Leas, Sale, Seal
100%
3Sae, Sea
100%
5Alecs, Laces, Scale
92%
6Castle, Cleats, Eclats
75%
7Elastic, Laciest, Latices
43%
8Clematis, Climates, Meticals
21%
9Alchemist
10%

Score Distribution

Percentile by Number Answered

Percent of People with Each Score

Your Score History

You have not taken this quiz